[Event "CRO-ch 2020"]
[Site "Vinkovci"]
[Date "2020.06.26"]
[Round "8.6"]
[White "Plenca, Jadranko"]
[Black "Brkic, Ante"]
[Result "0-1"]
[WhiteElo "2483"]
[BlackElo "2593"]
[Annotator "RC"]
[PlyCount "108"]
[EventDate "2020.06.19"]
[EventType "tourn"]
[EventCountry "CRO"]
[SourceTitle "playchess.com"]
[Source "ChessBase"]
[SourceQuality "1"]
[TimeControl "40/5400+30:1800+30"]

1. e4 {[%emt 0:00:00]} c5 {[%emt 0:00:00]} 2. Nf3 {[%emt 0:00:04]} d6 {[%emt 0:00:00]} 3. Bb5+ {[%emt 0:00:04]} Nd7 {[%emt 0:00:00]} 4. a4 {[%emt 0:00:43]} Ngf6 {[%emt 0:00:00]} 5. Nc3 {[%emt 0:00:06]} a6 {[%emt 0:00:05]} 6. Be2 {[%emt 0:00:06]} g6 {[%emt 0:05:08]} 7. O-O {[%emt 0:02:58]} Bg7 {[%emt 0:00:04]} 8. a5 {[%emt 0:01:26]} O-O {[%emt 0:00:09]} 9. Re1 {[%emt 0:00:24]} b5 {[%emt 0:01:17]} 10. axb6 {[%emt 0:04:59]} Bb7 {[%emt 0:00:05]} 11. d3 {[%emt 0:03:16]} Qxb6 {[%emt 0:07:35]} 12. h3 {[%emt 0:03:20]} c4 {[%emt 0:16:45]} 13. Ra2 {[%emt 0:11:05]} cxd3 {[%emt 0:06:08]} 14. cxd3 {[%emt 0:00:07]} Qc7 {[%emt 0:03:09]} 15. Bf1 {[%emt 0:02:52]} e5 {[%emt 0:01:17]} 16. Qa4 {[%emt 0:10:22]} d5 {[%emt 0:20:52]} 17. Qa5 {[%emt 0:00:43]} Qd6 {[%emt 0:05:13]} 18. b3 {[%emt 0:05:24]} Rfc8 {[%emt 0:03:55]} 19. Ba3 {[%emt 0:02:22]} Qc7 {[%emt 0:05:02]} 20. Bb4 {[%emt 0:04:39]} Qc6 {[%emt 0:03:10]} 21. d4 {[%emt 0:07:41]} exd4 {[%emt 0:12:32]} 22. Nxd4 {[%emt 0:01:12]} Qb6 {[%emt 0:00:01]} 23. Qxb6 {[%emt 0:02:15]} Nxb6 {[%emt 0:00:02]} 24. e5 {[%emt 0:01:04]} Ne4 {[%emt 0:00:02]} 25. Nxe4 {[%emt 0:00:53]} dxe4 {[%emt 0:00:02]} 26. Bd6 {[%emt 0:01:34]} Rd8 {[%emt 0:00:49]} 27. Ne2 {[%emt 0:12:21]} Re8 {[%emt 0:00:47]} 28. Rc1 {[%emt 0:10:23]} Bxe5 {[%emt 0:00:52]} 29. Bxe5 {[%emt 0:00:04]} Rxe5 {[%emt 0:00:01]} 30. Rc7 {[%emt 0:00:05]} Rb8 {[%emt 0:00:50]} 31. Nd4 {[%emt 0:00:56]} Nd5 {[%emt 0:02:25]} 32. Rc5 {[%emt 0:01:31]} Re7 {[%emt 0:00:48]} 33. Raa5 {[%emt 0:01:15]} Nb4 {[%emt 0:00:45]} 34. Ra4 {[%emt 0:01:25]} Nd3 {[%emt 0:00:41]} 35. Rc3 {[%emt 0:01:14]} Nf4 {[%emt 0:04:50]} 36. g3 {[%emt 0:04:18]} Nd5 {[%emt 0:00:48]} 37. Rc5 {[%emt 0:00:05]} Rd7 {[%emt 0:01:18]} 38. Nc2 {[%emt 0:00:58]} e3 {[%emt 0:00:40]} 39. fxe3 {[%emt 0:00:30]} Re8 {[%emt 0:00:16]} 40. Rd4 {[%emt 0:00:00]} Ree7 {[%emt 0:00:00]} 41. Ra5 {[%emt 0:09:53]} Rc7 {[%emt 0:03:24]} 42. e4 {[%emt 0:02:39]} Nf6 {[%emt 0:15:19]} 43. e5 {[%emt 0:02:44]} Ne4 {[%emt 0:04:18]} 44. Rc4 {[%emt 0:03:07]} Nxg3 {[%emt 0:00:45]} 45. Rxc7 {[%emt 0:00:05]} Rxc7 {[%emt 0:00:04]} 46. Bc4 {[%emt 0:00:04]} Ne4 {[%emt 0:08:03]} 47. e6 {[%emt 0:01:11]} fxe6 {[%emt 0:00:20]} 48. Nd4 {[%emt 0:00:03]} Nd2 {[%emt 0:01:28]} 49. Bxe6+ {[%emt 0:01:22]} Kg7 {[%emt 0:00:15]} 50. Ra2 {[%emt 0:02:20]} Rc1+ {[%emt 0:00:10]} 51. Kf2 {[%emt 0:00:21]} Ne4+ {[%emt 0:00:14]} 52. Ke3 {[%emt 0:00:08]} Rc3+ {[%emt 0:00:58]} 53. Kf4 {[%emt 0:01:04]} Kf6 {[%emt 0:01:27]} 54. h4 {[%emt 0:00:04]} Rd3 {[%emt 0:00:51]} 0-1

[Event "CRO-ch 2020"]
[Site "Vinkovci"]
[Date "2020.06.27"]
[Round "9.1"]
[White "Brkic, Ante"]
[Black "Rogic, Davor"]
[Result "1-0"]
[WhiteElo "2593"]
[BlackElo "2492"]
[Annotator "TA"]
[PlyCount "55"]
[EventDate "2020.06.19"]
[EventType "tourn"]
[EventCountry "CRO"]
[SourceTitle "playchess.com"]
[Source "ChessBase"]
[SourceQuality "1"]

{[%evp 12,55,11,14,24,15,27,17,24,18,19,25,27,27,37,36,31,32,58,25,88,12,14,-24,25,0,56,68,200,186,212,210,808,812,781,765,904,895,1162,1208,1224,991,1206,1243,2543,2532]} 1. e4 e5 2. Nf3 Nc6 3. Bc4 Bc5 4. O-O Nf6 5. d3 O-O 6. c3 d6 7. Re1 a6 {7...a5 might become the main line. C54: Giuoco Piano: 4 c3 Nf6, main lines with 5 d4 and 5 d3.} 8. a4 Ba7 9. h3 h6 {The position is equal.} 10. Nbd2 Be6 11. Bxe6 fxe6 12. b4 {[#]} b5 $146 ({Predecessor:} 12... Ne7 13. Nf1 Ng6 14. Be3 Bxe3 15. Rxe3 a5 16. Qb3 Qe7 17. d4 axb4 18. Qxb4 exd4 19. cxd4 {1-0 (60) Karjakin,S (2752)-Kovalev,V (2648) chess.com INT 2020}) 13. Nf1 d5 {And now ...dxe4 would win.} 14. Ng3 Qd6 15. Qb3 Kh7 (15... Nd7 $11) 16. Bb2 ({Better is} 16. d4 $16) 16... Nd7 $11 17. d4 Rae8 18. Rad1 exd4 (18... Nb6 $11) 19. cxd4 $14 {aiming for e5.} Qxb4 {Black cannot hold the game after this.} ({Black should try} 19... Kg8 $14) 20. Qc2 $36 {[%mdl 2048] White is in control.} Qc4 {[#]} 21. Qb1 $1 Ncb8 $2 (21... Nb4 22. Rc1 Qd3) 22. Rc1 {[%cal Bd1c1,Bc1c7,Bc7b7][%mdl 32] White is clearly winning.} Qb4 23. exd5+ {[%mdl 64] Discovered Attack} Kg8 24. dxe6 Nf6 25. Rxc7 Bb6 26. Rb7 Nd5 27. Nf5 Bc7 {[#]} 28. Nxh6+ $1 {[%mdl 512] Accuracy: White = 77%, Black = 44%.} 1-0

[Event "CRO-ch 2020"]
[Site "Vinkovci"]
[Date "2020.06.27"]
[Round "9.2"]
[White "Saric, Ante"]
[Black "Plenca, Jadranko"]
[Result "1-0"]
[WhiteElo "2541"]
[BlackElo "2483"]
[Annotator "TA"]
[PlyCount "139"]
[EventDate "2020.06.19"]
[EventType "tourn"]
[EventCountry "CRO"]
[SourceTitle "playchess.com"]
[Source "ChessBase"]
[SourceQuality "1"]

{[%evp 23,139,43,32,12,16,4,0,-7,0,0,0,0,0,0,0,0,6,-20,-10,-17,33,28,45,47,36,31,16,20,23,6,5,6,6,6,6,8,8,8,8,6,7,0,0,0,0,0,0,0,0,0,0,0,0,0,0,0,0,0,0,0,0,0,13,0,13,19,16,9,12,0,0,0,6,6,6,6,6,7,18,18,18,18,18,18,50,50,50,50,52,52,150,169,177,170,671,522,287,12,23,12,12,0,14,7,7,7,7,7,7,7,7,7,8,8,833,767,677,620]} 1. d4 d5 2. c4 e6 3. Nf3 Nf6 4. Nc3 Be7 5. Bg5 Nbd7 6. e3 h6 7. Bh4 O-O 8. Rc1 c6 9. Bd3 dxc4 10. Bxc4 b5 11. Bd3 Bb7 12. O-O Rc8 13. Qe2 {D66: Queen's Gambit Declined: Classical: Main Line (7 Rc1 c6 8 Bd3).} b4 14. Ne4 {[#]} c5 $146 ({Predecessor:} 14... Nxe4 15. Bxe7 Qxe7 16. Bxe4 Nf6 17. Bb1 c5 18. e4 cxd4 19. e5 Nd7 20. Qd3 g6 {1-0 (29) Fedorovsky,M (2414)-Kiese,M (2258) Munich 2008}) 15. Nxf6+ {The position is equal.} Bxf6 16. Bxf6 Nxf6 17. Ba6 Bxa6 18. Qxa6 Qb6 19. Qc4 {[%cal Rd4c5]} Nd7 20. d5 exd5 21. Qxd5 Qc6 (21... Rfd8 {seems wilder.} 22. Qc4 Qa5 23. a3 bxa3 24. Qa2 c4) 22. Rfd1 {[#] Strongly threatening Qxc6.} Qxd5 23. Rxd5 Rc7 $1 24. Nd2 Rfc8 25. Nc4 Nb6 26. Rd2 (26. Rd3 {is more complex.} Rc6 27. Kf1 Kf8 28. Ke2 Ke7 29. a3) 26... Nxc4 27. Rxc4 $11 {[%mdl 4096] Endgame KRR-KRR} Rc6 28. Kf1 Ra6 29. b3 Ra3 30. Ke2 a5 31. Rb2 a4 32. Rc1 Kf8 33. Kd3 Rd8+ 34. Kc4 axb3 35. axb3 Ra5 36. Rcc2 Rd1 37. Rd2 Rc1+ 38. Rdc2 Rd1 39. Rd2 Rc1+ 40. Rbc2 Rb1 41. Rd8+ Ke7 42. Rb8 Ra3 43. Rb7+ Ke6 44. Kxc5 {aiming for Rd2.} Raxb3 45. Rc4 {White wants to play Re4+.} g5 $1 46. Rb6+ Ke7 47. Kd5 {And now Rc7+ would win.} Rc3 48. Rxc3 Rd1+ 49. Kc4 bxc3 50. Kxc3 {KR-KR} f6 51. Rb2 Ke6 52. Rd2 Rh1 53. h3 Ke5 54. Kd3 h5 55. Ke2 g4 56. f4+ Ke6 ({Black should try} 56... Ke4 $14) 57. hxg4 $16 hxg4 58. Kf2 f5 $2 (58... Rb1 59. e4 Rb3) 59. Ra2 Rb1 {[#]} 60. Ra6+ $2 (60. Kg3 $1 $18) 60... Ke7 61. Ra5 Kf6 62. Ra6+ Kf7 63. e4 fxe4 64. Kg3 Rb2 65. Rh6 e3 66. Rh1 Re2 67. Rh4 Re1 68. Rh5 Kf6 $2 {[%mdl 8192]} (68... Re2 $11) 69. Kxg4 $18 Rg1 70. Rf5+ {Accuracy: White = 92%, Black = 81%.} 1-0

[Event "CRO-ch 2020"]
[Site "Vinkovci"]
[Date "2020.06.27"]
[Round "9.3"]
[White "Kozul, Zdenko"]
[Black "Jovanic, Ognjen"]
[Result "1/2-1/2"]
[WhiteElo "2597"]
[BlackElo "2524"]
[Annotator "TA"]
[PlyCount "140"]
[EventDate "2020.06.19"]
[EventType "tourn"]
[EventCountry "CRO"]
[SourceTitle "playchess.com"]
[Source "ChessBase"]
[SourceQuality "1"]

{[%evp 10,140,27,29,42,22,23,23,23,23,21,23,24,22,29,16,10,6,14,6,10,0,0,0,0,0,0,0,5,0,0,0,0,0,0,0,0,0,0,-7,19,0,0,0,13,-11,-12,-18,-17,-47,-18,-83,-80,-85,-75,-81,-72,-82,-22,-19,-22,-21,-21,-16,-18,-41,-16,-16,-16,-16,-16,-16,-16,-16,-15,-15,-15,-15,-15,-15,-15,-15,-9,-16,-16,-16,-16,-16,-15,-15,-15,-15,-15,-15,-8,-8,-8,-8,-8,-8,-8,-9,-8,-8,-8,-8,-8,-8,0,-8,-8,-8,0,0,0,0,0,0,0,0,0,0,0,0,0,0,0,0,0,0,0,0,0]} 1. d4 d5 2. c4 c6 3. Nf3 Nf6 4. Nc3 a6 5. c5 Bf5 6. Qb3 Ra7 {D15: Slav Defence: 4 Nc3 a6 and gambit lines after 4 Nc3 dxc4.} 7. Bf4 Nbd7 8. h3 e6 {White has an edge.} 9. e3 h6 10. Be2 Be7 11. O-O O-O 12. Rfc1 Re8 13. Qd1 Ne4 {[#]} 14. Nxe4 $146 ({Predecessor:} 14. Bd3 Nxc3 15. Rxc3 Bxd3 16. Qxd3 b5 17. cxb6 Qxb6 18. Qc2 c5 19. dxc5 Nxc5 20. Be5 {1-0 (35) Dao,T (2489)-Bagamasbad,E (2295) Manila 2008}) 14... Bxe4 15. b4 Bxf3 16. Bxf3 Bf6 17. Rab1 e5 18. dxe5 Bxe5 19. Bxe5 Nxe5 20. Be2 Qh4 21. Qd4 (21. Qc2 {is interesting.} Nd7 22. Rd1 g6 23. Bg4 Nf8 24. g3) 21... Qxd4 22. exd4 Ng6 23. Re1 Raa8 24. Bg4 Kf8 25. g3 Rxe1+ 26. Rxe1 $11 {[%mdl 4096] Endgame KRB-KRN} Ne7 27. h4 a5 28. bxa5 Rxa5 29. Re2 Ra4 (29... f5 $5 {[%cal Rf5g4]} 30. Bh3 Ra4 $15) 30. Bd7 (30. Rd2 $1 $11 {keeps the balance.}) 30... Rxd4 $17 31. Rb2 g5 32. hxg5 hxg5 33. Rxb7 Ra4 ({Black should play} 33... Rc4 $17) 34. Rb6 Rxa2 35. Bxc6 Rc2 36. Bd7 Rxc5 37. Kf1 Rc7 38. Rd6 {The position is equal.} Rc2 39. Ke1 Kg7 40. Kf1 Rc5 41. Ke2 Ng8 42. f4 gxf4 43. gxf4 Nf6 44. Ke3 Rc3+ 45. Kd4 $1 Rc1 46. Ke5 Re1+ 47. Kf5 Ng8 48. Kg4 Re3 49. f5 Nf6+ 50. Kf4 Re4+ 51. Kf3 Re1 52. Bb5 Rh1 53. Be2 Rh3+ 54. Kf4 Rh4+ 55. Kf3 Rd4 56. Ke3 Re4+ 57. Kf3 Rh4 58. Ke3 Rh3+ 59. Kf4 Ra3 60. Bf3 Rd3 61. Rd8 Ra3 62. Rd6 Ra4+ 63. Ke5 Ng4+ 64. Bxg4 Rxg4 65. Kxd5 $11 {KR-KR} Rg1 {[#] And now ...Rd1+ would win.} 66. Ke4 (66. Rb6 {is more complex.} Rd1+ 67. Ke5 Re1+ 68. Kd5 Rd1+) 66... Re1+ 67. Kf4 Rf1+ 68. Ke4 Re1+ 69. Kf4 Rf1+ 70. Ke4 Re1+ {Accuracy: White = 97%, Black = 93%.} 1/2-1/2

[Event "CRO-ch 2020"]
[Site "Vinkovci"]
[Date "2020.06.27"]
[Round "9.4"]
[White "Bosiocic, Marin"]
[Black "Kovacevic, Blazimir"]
[Result "1-0"]
[WhiteElo "2625"]
[BlackElo "2410"]
[Annotator "TA"]
[PlyCount "111"]
[EventDate "2020.06.19"]
[EventType "tourn"]
[EventCountry "CRO"]
[SourceTitle "playchess.com"]
[Source "ChessBase"]
[SourceQuality "1"]

{[%evp 10,111,62,48,52,44,46,39,32,32,35,20,27,20,20,17,57,48,35,33,36,-58,0,-92,-101,-122,-110,-130,-99,-109,-105,-182,-72,-140,-137,-142,-144,-121,-26,-58,-56,-65,-92,-80,-80,-76,-36,-108,-57,-87,-58,-79,-60,-66,-50,-74,-74,-73,-74,-79,-87,-96,-80,-98,-87,-96,86,16,17,22,22,21,160,174,172,167,163,138,129,141,231,158,162,156,158,108,247,242,234,235,262,254,231,175,175,178,246,160,145,143,309,304,300,294]} 1. e4 d5 2. exd5 Qxd5 3. Nc3 Qd6 4. d4 Nf6 5. Nf3 c6 6. Ne5 Nbd7 {B01: Scandinavian Defence.} 7. Nc4 Qc7 8. Qf3 Nb6 {White is slightly better.} 9. Bf4 Qd8 10. h3 Nxc4 11. Bxc4 Qxd4 12. Bb3 Bf5 13. Rd1 {[%mdl 1024] White has compensation.} Qb6 14. g4 Bg6 $1 {[#]} 15. g5 $146 (15. O-O $14) ({Predecessor:} 15. h4 h6 16. O-O e6 17. h5 Bh7 18. Rfe1 Be7 19. Bxe6 fxe6 20. Rxe6 Kf7 21. Rde1 {0-1 (40) Nevednichy,V (2569)-Saric,S (2435) Hungary 2015}) 15... Nd7 ({Black should try} 15... Bh5 $15 16. Qg3 Nd7) 16. Qg4 (16. Rxd7 $2 Kxd7 17. Be3 Qa5 $19) (16. O-O $1 $11 {remains equal.}) 16... O-O-O $17 17. Be3 Qa5 18. Rd4 e6 19. Ra4 Qe5 20. O-O (20. Rxa7 $17 Bc5 21. Ra8+ Kc7 22. Rxd8 Rxd8 23. Qe2) 20... Nb6 (20... Bc5 $19 21. Bxc5 Qxc5) 21. Bf4 (21. Rxa7 $142 Bd6 22. Qg2) 21... Qf5 $1 {[%cal Rf5g4]} 22. Rxa7 {Threatens to win with Na4.} Qxg4+ $1 23. hxg4 {Strongly threatening Na4.} Bd6 (23... Rd4 $1 $17 {[%cal Rd4f4]} 24. Bg3 Rxg4) 24. Be3 Bc7 25. Ra3 Kb8 26. Na4 Nd5 27. Bxd5 Rxd5 28. Nc5 (28. b4 $15) 28... Bd6 (28... Bxc2 $17 29. f3 Be5) 29. Rc3 Kc7 30. f3 Ra8 31. a3 b6 32. Ne4 Be5 33. Rb3 c5 34. c4 Rd7 35. Kf2 Kc6 36. Ke2 Ra4 37. Rc1 {White wants to play Rxb6+!} f5 $2 {[#]} (37... Bc7 $17 {and life is bright.}) 38. gxf5 (38. Rxb6+ $1 $16 {[%mdl 512]} Kxb6 39. Nxc5 {[%mdl 64] Double Attack}) 38... Bxf5 $11 39. Rxb6+ $1 {[%mdl 64] Remove Defender} Kxb6 40. Nxc5 {[%mdl 64] [#] Double Attack} Kc6 (40... Rb7 $1 $11) 41. Nxa4 $16 Rd3 42. Rd1 Rb3 43. Bd4 Bxd4 44. Rxd4 {[%mdl 4096] Endgame KRB-KRN} e5 (44... Bc2 $16 45. Rd8 g6 46. Rc8+ Kd6 47. Rd8+ Kc6 48. Rc8+ Kd7) 45. Rd2 h5 46. gxh6 gxh6 47. Nc3 Be6 (47... Kc5 $16 {is a better defense.}) 48. Ke3 $18 Bxc4 49. Ke4 h5 50. Kxe5 h4 51. Kf4 Rb8 52. Ne4 h3 (52... Rh8 $142 53. Ng5 Ba6) 53. Rc2 Kd5 54. Nf6+ Kd4 $2 (54... Ke6 $16 {keeps fighting.}) 55. Rd2+ Bd3 {Black hopes to continue with ...Rf8.} 56. Ng4 {Never resign too early! Accuracy: White = 66%, Black = 57%.} 1-0

[Event "CRO-ch 2020"]
[Site "Vinkovci"]
[Date "2020.06.27"]
[Round "9.5"]
[White "Martinovic, Sasa"]
[Black "Zelcic, Robert"]
[Result "1-0"]
[WhiteElo "2532"]
[BlackElo "2527"]
[Annotator "TA"]
[PlyCount "101"]
[EventDate "2020.06.19"]
[EventType "tourn"]
[EventCountry "CRO"]
[SourceTitle "playchess.com"]
[Source "ChessBase"]
[SourceQuality "1"]

{[%evp 15,101,0,0,3,8,5,8,8,8,3,6,14,11,9,15,22,15,2,11,12,23,21,27,33,37,29,33,29,33,31,24,24,52,16,18,9,68,75,76,66,155,158,147,141,247,240,241,248,235,244,304,208,192,0,297,285,247,164,164,164,164,164,304,297,281,293,291,289,29964,29965,29964,29966,29967,29967,29967,29968,29971,29972,29972,29973,29972,29973,29974,29975,29975,29976,29975,29976]} 1. d4 Nf6 2. c4 e6 3. Nf3 d5 4. Nc3 dxc4 5. e3 a6 6. Bxc4 b5 7. Bb3 Bb7 8. O-O c5 9. e4 {D27: Queen's Gambit Accepted: Classical main line: 7 e4!? and 7 a4.} cxd4 10. Nxd4 Nc6 11. Nxc6 $1 {[%mdl 4] The position is equal. outshines the older 11.Be3. Played by Vladislav Artemiev in June 2020.} Qxd1 12. Rxd1 Bxc6 13. f3 Bc5+ 14. Kf1 O-O {[#]} 15. Ne2 $5 $146 {[%mdl 8] New and interesting.} ({Predecessor:} 15. Bf4 Rfc8 16. Rac1 Bb6 17. Ne2 Be8 18. Bd6 Nd7 19. a3 Nc5 20. Bc2 {½-½ (20) Mekhitarian,K (2554)-Leitao,R (2605) Teresina 2019}) 15... Rfd8 16. Bg5 {Black must now prevent Rxd8+.} Bb6 17. Bh4 h6 18. Bf2 Bxf2 19. Kxf2 Kf8 20. Rxd8+ Rxd8 21. Ke3 Bb7 22. a4 bxa4 23. Bxa4 g5 24. h3 Rc8 25. Rc1 (25. Nd4 {with more complications.} Ke7 26. Bc2 Nd7 27. Bd3 Kf6 28. Be2) 25... Rxc1 (25... Ke7 $11) 26. Nxc1 $11 {[%mdl 4096] Endgame KBN-KBN} Ke7 27. Nd3 Nh5 ({Black should play} 27... Bc8 $14) 28. g4 $1 $16 {[%cal Rg4h5]} Ng7 29. Kd4 Kd6 (29... Ne8 $16 30. Nc5 Bc8) 30. Ne5 $18 f6 31. Nf7+ Ke7 32. Nxh6 Kd6 33. Nf7+ Ke7 {[#]} 34. Nh6 (34. Kc5 $142 $1) 34... Kd6 $1 35. Ng8 e5+ 36. Ke3 Ne6 37. Nxf6 Nf4 38. Bb3 Bc6 (38... a5 $142 39. Nh7 Nxh3) 39. Bc4 Bb5 40. Bxb5 axb5 {KN-KN} 41. Nd5 {Nxf4 is the strong threat.} Nxh3 $2 (41... Ng6 $18 42. b4 Kd7) 42. Ke2 {White mates.} Kc5 43. Kf1 Kc4 {[#]} 44. Kg2 $1 {[%cal Rg2h3]} Nf4+ 45. Nxf4 exf4 {KP-KP} 46. Kf2 b4 47. Ke2 b3 48. e5 Kd5 49. Kd3 Kxe5 50. Kc4 Kd6 51. Kxb3 {Accuracy: White = 87%, Black = 70%.} 1-0

[Event "CRO-ch 2020"]
[Site "Vinkovci"]
[Date "2020.06.27"]
[Round "9.6"]
[White "Stevic, Hrvoje"]
[Black "Palac, Mladen"]
[Result "1/2-1/2"]
[WhiteElo "2575"]
[BlackElo "2529"]
[Annotator "TA"]
[PlyCount "40"]
[EventDate "2020.06.19"]
[EventType "tourn"]
[EventCountry "CRO"]
[SourceTitle "playchess.com"]
[Source "ChessBase"]
[SourceQuality "1"]

{[%evp 17,22,0,0,-1,0,0,6]} 1. e4 e5 2. Nf3 Nf6 3. Nc3 Nc6 4. d4 exd4 5. Nxd4 Bb4 6. Nxc6 bxc6 7. Bd3 d5 8. exd5 cxd5 9. O-O O-O {The position is equal.} 10. h3 {C47: Scotch Four Knights and Four Knights with 4 g3.} c6 11. Qf3 Bd6 {[#] Not much happened in this game.} {Predecessor:} 12. Bg5 $146 Rb8 13. b3 Be5 14. Bf4 Bxc3 15. Bxb8 Bxa1 16. Rxa1 Bg4 17. hxg4 Qxb8 18. Re1 Re8 19. Rxe8+ Qxe8 20. Qf4 h6 {½-½ (34) Radjabov,T (2759)-Karjakin,S (2748) Moscow 2019} 1/2-1/2

[Event "CRO-ch 2020"]
[Site "Vinkovci"]
[Date "2020.06.28"]
[Round "10.1"]
[White "Rogic, Davor"]
[Black "Palac, Mladen"]
[Result "1-0"]
[WhiteElo "2492"]
[BlackElo "2529"]
[Annotator "TA"]
[PlyCount "87"]
[EventDate "2020.06.19"]
[EventType "tourn"]
[EventCountry "CRO"]
[SourceTitle "playchess.com"]
[Source "ChessBase"]
[SourceQuality "1"]

{[%evp 17,87,11,46,24,39,35,43,0,15,3,37,-11,0,9,18,0,43,-14,0,0,0,-11,0,-9,-7,-28,-16,-66,-34,-34,-36,-48,0,0,37,20,42,41,37,33,48,45,68,39,68,37,75,75,121,131,114,105,127,96,231,191,280,227,281,267,714,714,714,714,714,714,714,714,714,714,714,710]} 1. e4 c5 2. Nf3 d6 3. d4 cxd4 4. Nxd4 Nf6 5. Nc3 Nc6 6. Bc4 Qb6 7. Nb3 e6 8. Bf4 Ne5 9. Be2 a6 10. Bg3 {B57: Classical Sicilian: Sozin with 6...Qb6.} (10. g4 {keeps more tension.} h6 11. Bg3 Qc7 12. f4 Nc4 13. Qd4) 10... Be7 11. f4 Nc6 12. Qd2 {[#] White is slightly better.} O-O $146 ({Predecessor:} 12... Qc7 13. O-O-O b5 14. e5 b4 15. exd6 bxc3 16. bxc3 Qb6 17. dxe7 Nxe7 18. Qd4 Qxd4 19. cxd4 {1-0 (32) Gdanski,J (2543)-Blehm,P (2512) Warsaw 2001}) 13. Bf3 Qc7 14. a4 b6 15. Rd1 Nd7 16. O-O Nc5 17. Nc1 ({White should try} 17. f5 $14) 17... Bb7 18. Kh1 Rad8 19. N1e2 Rfe8 20. Qe3 Nb4 21. Rd2 e5 22. f5 h6 {[#] White must now prevent ...Bg5.} 23. h4 Bf6 24. Bf2 Qe7 (24... d5 $5 25. exd5 e4 $15) 25. g3 Bc6 26. b3 b5 {[%cal Rb5a4]} 27. axb5 axb5 28. Rfd1 Rd7 29. Kh2 Ra8 30. Kh3 Kh7 31. Ng1 Rdd8 32. Qe2 Nb7 33. Nxb5 Na2 34. c4 Nb4 35. Nxd6 Na5 {Black cannot hold the game after this.} (35... Rxd6 $16 36. Rxd6 Nxd6) 36. Qe3 {Threatens to win with Qc3.} Rdb8 (36... Nb7 $142) 37. Ne2 Be8 38. Qc3 Qc7 $2 {[#]} (38... Nac6 39. Bc5 Ra5) 39. Nxe8 $18 {White is clearly winning.} Rxe8 40. Qxb4 Reb8 41. Qd6 Qxd6 42. Rxd6 Rxb3 43. Bh5 Nxc4 44. Rd7 {Accuracy: White = 71%, Black = 48%.} 1-0

[Event "CRO-ch 2020"]
[Site "Vinkovci"]
[Date "2020.06.28"]
[Round "10.2"]
[White "Zelcic, Robert"]
[Black "Stevic, Hrvoje"]
[Result "1/2-1/2"]
[WhiteElo "2527"]
[BlackElo "2575"]
[Annotator "TA"]
[PlyCount "25"]
[EventDate "2020.06.19"]
[EventType "tourn"]
[EventCountry "CRO"]
[SourceTitle "playchess.com"]
[Source "ChessBase"]
[SourceQuality "1"]

{[%evp 9,25,0,17,-23,18,2,20,19,16,19,29,23,29,14,86,39,60,54]} 1. d3 g6 2. g3 Nc6 ({Predecessor:} 2... Bg7 3. Bg2 c5 4. e4 Nc6 5. f4 d6 6. Nf3 Nf6 7. O-O Rb8 8. h3 b5 9. Nc3 b4 10. Ne2 Nd7 11. Nh4 Qb6 12. Kh2 Ba6 13. f5 c4 14. Nf4 Nf6 15. Nf3 cxd3 16. cxd3 {0-1 (41) Kadric,D (2554)-Bartel,M (2600) Skopje 2018}) 3. e3 b6 4. Bg2 Bb7 5. Ne2 Bg7 6. c3 {A00: Irregular Openings.} Nh6 7. O-O f5 8. d4 {The position is equal.} e6 9. c4 O-O 10. Nbc3 Nf7 11. Bd2 d6 (11... Rb8 $11) 12. Rc1 Qd7 13. d5 {Black did not feel at home in the position after the opening. Accuracy: White = 72%, Black = 68%.} 1/2-1/2

[Event "CRO-ch 2020"]
[Site "Vinkovci"]
[Date "2020.06.28"]
[Round "10.3"]
[White "Kovacevic, Blazimir"]
[Black "Martinovic, Sasa"]
[Result "0-1"]
[WhiteElo "2410"]
[BlackElo "2532"]
[Annotator "ChessBase"]
[PlyCount "62"]
[EventDate "2020.06.19"]
[EventType "tourn"]
[EventCountry "CRO"]
[SourceTitle "playchess.com"]
[Source "ChessBase"]
[SourceQuality "1"]
[TimeControl "40/5400+30:1800+30"]

1. c4 {[%emt 0:00:00]} g6 {[%emt 0:00:00]} 2. Nc3 {[%emt 0:00:00]} Bg7 {[%emt 0:00:00]} 3. g3 {[%emt 0:00:00]} e5 {[%emt 0:00:00]} 4. Bg2 {[%emt 0:00:00]} d6 {[%emt 0:00:07]} 5. d3 {[%emt 0:00:00]} Nc6 {[%emt 0:00:16]} 6. e3 {[%emt 0:00:31]} Nf6 {[%emt 0:01:26]} 7. Nge2 {[%emt 0:00:10]} O-O {[%emt 0:00:16]} 8. O-O {[%emt 0:00:13]} Be6 {[%emt 0:00:18]} 9. Nd5 {[%emt 0:00:08]} Qd7 {[%emt 0:00:46]} 10. Nec3 {[%emt 0:01:15]} Ne8 {[%emt 0:00:59]} 11. f4 {[%emt 0:00:57]} Bh3 {[%emt 0:17:11]} 12. Bxh3 {[%emt 0:11:32]} Qxh3 {[%emt 0:00:06]} 13. Bd2 {[%emt 0:10:55]} exf4 {[%emt 0:07:15]} 14. gxf4 {[%emt 0:00:46]} f5 {[%emt 0:06:30]} 15. Rf3 {[%emt 0:10:15]} Qh4 {[%emt 0:03:45]} 16. Qb3 {[%emt 0:07:42]} Nd8 {[%emt 0:19:04]} 17. c5 {[%emt 0:03:11]} Rf7 {[%emt 0:00:44]} 18. cxd6 {[%emt 0:00:14]} cxd6 {[%emt 0:01:06]} 19. Be1 {[%emt 0:06:41]} Qh5 {[%emt 0:00:27]} 20. Kg2 {[%emt 0:01:29]} Ne6 {[%emt 0:04:28]} 21. Rh3 {[%emt 0:08:21]} Qg4+ {[%emt 0:00:03]} 22. Rg3 {[%emt 0:00:05]} Qh5 {[%emt 0:00:19]} 23. Rh3 {[%emt 0:03:48]} Qg4+ {[%emt 0:00:04]} 24. Bg3 {[%emt 0:00:09]} g5 {[%emt 0:02:18]} 25. Rf1 {[%emt 0:10:46]} h6 {[%emt 0:07:42]} 26. e4 {[%emt 0:01:40]} gxf4 {[%emt 0:07:59]} 27. Nxf4 {[%emt 0:07:43]} Nd4 {[%emt 0:02:28]} 28. Qc4 {[%emt 0:01:20]} fxe4 {[%emt 0:08:08]} 29. Nh5 {[%emt 0:06:42]} Nf5 {[%emt 0:02:56]} 30. Qxf7+ {[%emt 0:05:46]} Kxf7 {[%emt 0:00:04]} 31. Rh4 {[%emt 0:00:26]} Qf3+ {[%emt 0:02:33]} 0-1